00482nam a2200157Ia 4500008004100000041000800041082001200049100001800061245001400079250001400093260003800107300003300145365000900178999001700187952012000204240624s9999 xx 000 0 und d aeng a330 TAY aTAYLOR JOHN B aECONOMICS a(6th ed.) c2010aAustraliabCengage Learning axliii, : 833 : p. : cm. ; 25 cb25 c16721d16721 00104070aIMTNbIMTNcRack 7-Ad2011-03-18eWBDg69.00o330 TAYp16721r2024-06-24 00:00:00t47.9w2024-06-24yBK